| 000 | 00615nam a2200193 i 4500 | ||
|---|---|---|---|
| 001 | 14564 | ||
| 003 | ES-MaACL | ||
| 005 | 20230906150836.0 | ||
| 007 | t| | ||
| 008 | 990426s1981 dr |||| | spa d | ||
| 080 | _a37.011(729.3) | ||
| 100 | 1 |
_aPrats Ramírez, Ivelisse. _9162376 |
|
| 245 | 1 | 0 |
_aPor la educación _b: ensayos y conferencias / _cIvelisse Prats-Ramírez de Pérez. |
| 250 | _a2ª ed. | ||
| 260 |
_a[Santo Domingo : _bs.n.], _c1981. |
||
| 300 |
_a200 p. ; _c22 cm. |
||
| 650 | 4 |
_aEnseñanza- _zRepública Dominicana. _9162378 |
|
| 852 |
_aES-MaACL _jL-21850 _z. - Dedicatoria autógrafa de la autora |
||
| 999 |
_c14564 _d14564 |
||